00994nam a22002177a 450000500170000000800410001702000150005804000070007304100080008008200200008810000160010824500570012426000380018130000110021952004440023065000120067465000320068665000200071865000230073870000150076120211111125845.0211111b ||||| |||| 00| 0 eng d a0716633949 cAL aeng 223a591.5bWORW aWorld Book  aWorld Book Encyclopedia of Science: The Animal World aChicago :bWorld Book Inc,c1997. a160 p. aThe object of the series is to explain for an average family readership, adults and children alike, the many aspects of science that are not only fascinating in themselves but are also vitally important for an understanding of the world today. To achieve this the book has been made straightforward and concise, accurate in content, and clearly and attractively presented. This book is a readily accessible source of scientific information aZoology aAnial Habitats of the World aAnimals as Pets aEndangered Animals aWORLD BOOK